| 000 | 00517nam a22001937a 4500 | ||
|---|---|---|---|
| 999 |
_c6047 _d6047 |
||
| 003 | OSt | ||
| 005 | 20190528152900.0 | ||
| 008 | 190528b ||||| |||| 00| 0 eng d | ||
| 020 | _a9780972662647 | ||
| 040 | _cclc | ||
| 082 |
_a791.43 _bLEK/S |
||
| 100 | _aLe, Khang | ||
| 245 | _aThe Skillful Huntsman : Visual Development of Grimm Tale at Art Center College of Design | ||
| 250 | _a1st Edition | ||
| 260 |
_aNew York _bDesign Studio Press _c2005 |
||
| 300 | _a159p. | ||
| 700 | _aYamada, Mike | ||
| 942 |
_2ddc _cBK |
||